| 000 | 00823cam a22002773a 4500 | ||
|---|---|---|---|
| 001 | 14247 | ||
| 003 | PGUSA | ||
| 005 | 20140828083315.0 | ||
| 008 | 041203s2004||||xxu|||||s|||||000 | eng d | ||
| 040 |
_aPGUSA _beng |
||
| 042 | _adc | ||
| 050 | 4 | _aPZ | |
| 100 | 1 |
_aSégur, Sophie, comtesse de, _d1799-1874 |
|
| 245 | 1 | 0 |
_aNouveaux contes de fées pour les petits enfants _h[electronic resource] / _cSophie, comtesse de Ségur |
| 260 |
_bProject Gutenberg, _c2004 |
||
| 506 | _aPublic domain in the USA. | ||
| 516 | _aElectronic text | ||
| 653 | _aChildren's stories | ||
| 653 | _aFairy tales | ||
| 653 | _aTales -- France | ||
| 700 | 1 |
_aDoré, Gustave, _d1832-1883 |
|
| 700 | 1 |
_aDidier, Jules, _d1831-1892 |
|
| 830 | 0 |
_aProject Gutenberg _v14247 |
|
| 856 | 4 | 0 | _uhttp://www.gutenberg.org/ebooks/14247 |
| 942 | _cEB | ||
| 999 |
_c243502 _d243502 |
||